000
00281nam a2200097Ia 4500
082
_a
796.83 ONEL
245
0
_a
Boxing : advanced tactics and strategies
100
_a
Onello, R. Michael Santa Fe, NM, 2007
_9
66665
942
_c
BK
008
210817s9999 xx 000 0 und d
999
_c
214119
_d
214118